<?xml version="1.0" encoding="UTF-8"?>
<marc:record xmlns:marc="http://www.loc.gov/MARC21/slim">
   <marc:leader>00000nam a2200000 a 4500</marc:leader>
   <marc:datafield ind1="0" ind2="0" tag="245">
      <marc:subfield code="a">Die Gedenktage der Heiligen im Regionalkalender für das deutsche Sprachgebiet und einige weitere Gedenktage</marc:subfield>
   </marc:datafield>
   <marc:datafield ind1="0" ind2="0" tag="245">
      <marc:subfield code="b">Kurzviten und Tagesgebete</marc:subfield>
   </marc:datafield>
   <marc:datafield ind1="0" ind2="0" tag="245">
      <marc:subfield code="c">hrsg. von den Liturgischen Instituten Deutschlands, Österreichs und der Deutschsprachigen Schweiz</marc:subfield>
   </marc:datafield>
   <marc:datafield ind1=" " ind2="1" tag="264">
      <marc:subfield code="a">Trier</marc:subfield>
      <marc:subfield code="b">VzF, Dt. Liturgisches Inst.</marc:subfield>
      <marc:subfield code="c">2014</marc:subfield>
   </marc:datafield>
   <marc:datafield ind1="1" ind2=" " tag="520">
      <marc:subfield code="a">Angaben aus der Verlagsmeldung

Gotteslob Dienstebuch

Für alle, die Verantwortung für das gottesdienstliche Leben in den Gemeinden tragen: Hinweise und Anregungen, um die Möglichkeiten des Gotteslob für die gottesdienstlichen Feiern vielfältig zu nutzen: besonders für Andachten, Tagzeitenliturgien und Wort-Gottes-Feiern.
Eine Pastorale Einführung greift einige grundlegende Fragen der nichtsakramentalen Gottesdienste auf, gibt eine Grundorientierung und hilft, die eigene Praxis zu reflektieren und weiterzuentwickeln. Das liturgiepraktische Glossar am Ende des Buches ist insbesondere für ehrenamtliche Mitarbeiterinnen und Mitarbeiter eine Hilfe.
</marc:subfield>
   </marc:datafield>
   <marc:datafield ind1=" " ind2=" " tag="020">
      <marc:subfield code="a">9783937796161</marc:subfield>
      <marc:subfield code="9">9783937796161</marc:subfield>
   </marc:datafield>
   <marc:datafield ind1=" " ind2=" " tag="041">
      <marc:subfield code="a">ger</marc:subfield>
   </marc:datafield>
   <marc:datafield ind1=" " ind2=" " tag="300">
      <marc:subfield code="a">309 S.</marc:subfield>
   </marc:datafield>
</marc:record>
